WM Sieger (Fußballer) - Sudden Death - Statistiken

Allgemein
  • Dieses Quiz wurde 1.990 mal gespielt
  • Das Durchschnittsergebnis liegt bei 13 aus 41
Answers on the Grid
Answers color-coded by a green-red scale on the quiz's grid according to % correct below.
Lionel Messi
Julián Alvarez
Lautaro Martinez
Paulo Dybala
Presnel Kimpembe
N'Golo Kanté
Paul Pogba
Kylian Mbappé
Olivier Giroud
Ousmane Dembélé
Antoine Griezmann
Manuel Neuer
Toni Kroos
Miroslav Klose
Mario Götze
Philipp Lahm
Mesut Özil
Bastian Schweinsteiger
Iker Casillas
Xabi Alonso
Sergio Ramos
Andrés Iniesta
Fernando Torres
Gianluigi Buffon
Francesco Totti
Fabio Cannavaro
Andrea Pirlo
Ronaldo (R9)
Ronaldinho
Roberto Carlos
Thierry Henry
Marcel Desailly
Jürgen Klinsmann
Rudi Völler
Lothar Matthäus
Diego Maradona
Franz Beckenbauer
Gerd Müller
Pelé
Sir Bobby Charlton
Fritz Walter
Marco Reus
Paolo Maldini
Roberto Baggio
Johan Cruyff
Oliver Kahn
Franck Ribéry
Arjen Robben
Luka Modric
Michael Ballack
Zlatan Ibrahimovic
Neymar
Marc-André ter Stegen
Joshua Kimmich
David Beckham
Luis Figo
Marco van Basten
Lev Yashin
Ryan Giggs
Peter Schmeichel
Steven Gerrard
Andrij Schewtschenko
Dennis Bergkamp
Ferenc Puskás
Sergio Agüero
Rodri
Alisson
Daniel Carvajal
 
Antwortstatistiken
Antwort % Korrekt
Lionel Messi
43%
Toni Kroos
43%
Mario Götze
42%
Miroslav Klose
41%
Manuel Neuer
40%
Kylian Mbappé
39%
Pelé
39%
Philipp Lahm
39%
Andrés Iniesta
37%
Bastian Schweinsteiger
37%
Iker Casillas
37%
Lothar Matthäus
37%
Mesut Özil
37%
Diego Maradona
36%
Franz Beckenbauer
36%
Ronaldo (R9)
36%
Sergio Ramos
35%
Antoine Griezmann
34%
N'Golo Kanté
34%
Gerd Müller
33%
Paul Pogba
33%
Xabi Alonso
33%
Olivier Giroud
32%
Roberto Carlos
30%
Ronaldinho
30%
Gianluigi Buffon
29%
Andrea Pirlo
28%
Fabio Cannavaro
26%
Lautaro Martinez
26%
Ousmane Dembélé
26%
Julián Alvarez
25%
Fernando Torres
24%
Rudi Völler
24%
Jürgen Klinsmann
23%
Thierry Henry
23%
Presnel Kimpembe
21%
Paulo Dybala
20%
Francesco Totti
18%
Fritz Walter
17%
Sir Bobby Charlton
17%
Marcel Desailly
14%
Keine übereinstimmenden Quizze gefunden
Verteilung der Resultate
Anzahl Personen mit jedem Resultat
Perzentil nach korrekt beantworteten Fragen
Ihre Resultats-Entwicklung
Sie haben dieses Quiz noch nicht gespielt